A Text Book of Pathology (Record no. 144280)
[ view plain ]
| 000 -LEADER | |
|---|---|
| fixed length control field | 00493nam a22001697a 4500 |
| 005 - DATE AND TIME OF LATEST TRANSACTION | |
| control field | 20230603124708.0 |
| 008 - FIXED-LENGTH DATA ELEMENTS--GENERAL INFORMATION | |
| fixed length control field | 230329b |||||||| |||| 00| 0 eng d |
| 020 ## - INTERNATIONAL STANDARD BOOK NUMBER | |
| International Standard Book Number | 9788190938525 |
| 041 ## - LANGUAGE CODE | |
| Language code of text/sound track or separate title | eng |
| 082 ## - DEWEY DECIMAL CLASSIFICATION NUMBER | |
| Classification number | 616.07/GUP |
| 100 ## - MAIN ENTRY--PERSONAL NAME | |
| Author | Gupta, Preeti |
| 245 ## - TITLE STATEMENT | |
| Title | A Text Book of Pathology |
| Remainder of title | (Exclusively Designed for B.Sc. Nursing Semester -III Students) |
| 260 ## - PUBLICATION, DISTRIBUTION, ETC. | |
| Place of publication, distribution, etc. | Jalandhar |
| Name of publisher, distributor, etc. | S.Vikas and Company(Medical Publisher) |
| 300 ## - PHYSICAL DESCRIPTION | |
| Extent | 255P. |
| 942 ## - ADDED ENTRY ELEMENTS (KOHA) | |
| Koha item type | Compact Books |
| 650 ## - SUBJECT ADDED ENTRY--TOPICAL TERM | |
| Topical term or geographic name entry element | PATHOLOGY |
| Withdrawn status | Lost status | Source of classification or shelving scheme | Damaged status | Not for loan | Home library | Current library | Date acquired | Vendor | Net Price | Total Checkouts | Total Renewals | Full call number | Barcode | Date last seen | Date last checked out | Actual Price | Bill Date | Koha item type |
|---|---|---|---|---|---|---|---|---|---|---|---|---|---|---|---|---|---|---|
| Dewey Decimal Classification | Sitabai Nargundkar College of Nursing Nagpur | Sitabai Nargundkar College of Nursing Nagpur | 29/03/2023 | Complimentary copy by S. Vikas and Company (Medical Publisher) | 495.00 | 10 | 1 | 616.07/GUP | SNCN-CB-28 | 08/01/2025 | 03/01/2025 | 495.00 | 29/03/2023 | Compact Books |